Highest Ranking Nations in World Rugby - Statistics

General Stats
  • This quiz has been taken 156 times
    44 since last reset
  • The average score is 19 of 24
Answer Stats
Points Answer % Correct
87.24 France
100%
90.33 New Zealand
100%
93.94 South Africa
100%
89.41 England
98%
81.53 Australia
95%
81.14 Fiji
95%
78.98 Italy
95%
80.22 Scotland
95%
87.97 Ireland
93%
66.43 Samoa
93%
74.23 Wales
93%
84.97 Argentina
90%
74.09 Japan
85%
69.01 Spain
85%
68.26 United States
85%
66.66 Tonga
83%
64.98 Portugal
80%
66.72 Chile
68%
73.18 Georgia
63%
62.32 Belgium
61%
69.19 Uruguay
59%
61.50 Romania
56%
58.80 Zimbabwe
37%
59.61 Hong Kong
32%
No matching quizzes found
Score Distribution
Percent of People with Each Score
Percentile by Number Answered
Your Score History
You have not taken this quiz since the last reset